000 00469nam a2200181Ia 4500
001 11664
003 IN-NITTTR
005 20251114233109.0
008 251113s9999||||xx |||||||||||||| ||eng||
040 _beng
040 _cIN-NITTTR
041 _aeng
082 _a620.11 D44(M
100 _aDerucher, Kenneth N.
245 0 _aMaterials for civil and highway engineers /
_cDerucher, Kenneth N., Heins, Conrad P.
700 _a Heins, Conrad P.
942 _2ddc
_cBK
999 _c14300
_d14300